Online katalóg knižníc regiónu Turca

Prípad pre teba a tigrí tím (Record no. 22416)

MARC details
000 -LEADER
fixed length control field 01939cam a2200517 4500
001 - CONTROL NUMBER
control field 22416
003 - CONTROL NUMBER IDENTIFIER
control field SK-KTurca
005 - DATE AND TIME OF LATEST TRANSACTION
control field 20260328101904.0
006 - FIXED-LENGTH DATA ELEMENTS--ADDITIONAL MATERIAL CHARACTERISTICS
fixed length control field r c r tn
008 - FIXED-LENGTH DATA ELEMENTS--GENERAL INFORMATION
fixed length control field 210413s2021 xo a c 000 f slo
015 ## - NATIONAL BIBLIOGRAPHY NUMBER
National bibliography number SNBA2022/07
020 ## - INTERNATIONAL STANDARD BOOK NUMBER
International Standard Book Number 9788056620571
Qualifying information (viazané)
040 ## - CATALOGING SOURCE
Original cataloging agency SVKBB
Language of cataloging slo
Transcribing agency SVKBB
Modifying agency SNK
Description conventions rda
041 1# - LANGUAGE CODE
Language code of text/sound track or separate title slo
Language code of original ger
044 ## - COUNTRY OF PUBLISHING/PRODUCING ENTITY CODE
MARC country code xo
ISO country code SK
072 #7 - SUBJECT CATEGORY CODE
Subject category code 821.112.2-3
Subject category code subdivision Nemecká próza, nemecky písaná
Source konspekt
072 #7 - SUBJECT CATEGORY CODE
Subject category code 821-93
Subject category code subdivision Literatúra pre deti a mládež (beletria)
Source konspekt
080 ## - UNIVERSAL DECIMAL CLASSIFICATION NUMBER
Universal Decimal Classification number 821.112.2(436)-32
Edition identifier 2011
080 ## - UNIVERSAL DECIMAL CLASSIFICATION NUMBER
Universal Decimal Classification number 82-93-053.4/.5
Edition identifier 2011
080 ## - UNIVERSAL DECIMAL CLASSIFICATION NUMBER
Universal Decimal Classification number (0:82-322.4)
Edition identifier 2011
100 1# - MAIN ENTRY--PERSONAL NAME
Personal name Brezina, Thomas,
Dates associated with a name 1963-
Relationship aut
240 10 - UNIFORM TITLE
Uniform title Ein Fall für dich und das Tiger-Team, Band 44: Der Schlangenfisch
Language of a work Slovensky
245 10 - TITLE STATEMENT
Title Prípad pre teba a tigrí tím
Name of part/section of a work Netvor z hlbín
Statement of responsibility, etc. Thomas Brezina ; ilustrovala Naomi Fearnová ; z nemeckého originálu preložila Katarína Šmidtová
246 31 - VARYING FORM OF TITLE
Title proper/short title Netvor z hlbín
250 ## - EDITION STATEMENT
Edition statement 2. vydanie
264 #1 - PRODUCTION, PUBLICATION, DISTRIBUTION, MANUFACTURE, AND COPYRIGHT NOTICE
Place of production, publication, distribution, manufacture Bratislava
Name of producer, publisher, distributor, manufacturer Fragment
Date of production, publication, distribution, manufacture, or copyright notice 2021
300 ## - PHYSICAL DESCRIPTION
Extent 143 strán
Other physical details ilustrácie
Dimensions 19 cm
Accompanying material 1 plastová lupa
336 ## - CONTENT TYPE
Content type term text
Content type code txt
Source rdacontent
336 ## - CONTENT TYPE
Content type term statický obraz
Content type code sti
Source rdacontent
336 ## - CONTENT TYPE
Content type term trojrozmerná forma
Content type code tdf
Source rdacontent
337 ## - MEDIA TYPE
Media type term bez média
Media type code n
Source rdamedia
338 ## - CARRIER TYPE
Carrier type term zväzok
Carrier type code nc
Source rdacarrier
338 ## - CARRIER TYPE
Carrier type term objekt
Carrier type code nr
Source rdacarrier
500 ## - GENERAL NOTE
General note Vydalo vydavateľstvo Fragment v spoločnosti Albatros Media Slovakia, s. r.o.
521 1# - TARGET AUDIENCE NOTE
Target audience note Pre čitateľov od 9 rokov
655 #7 - INDEX TERM--GENRE/FORM
Genre/form data or focus term rakúske príbehy
Source of term SNKPH
655 #7 - INDEX TERM--GENRE/FORM
Genre/form data or focus term detektívne príbehy
Source of term SNKPH
655 #7 - INDEX TERM--GENRE/FORM
Genre/form data or focus term literatúra pre deti
Source of term SNKPH
655 #7 - INDEX TERM--GENRE/FORM
Genre/form data or focus term Austrian stories
Source of term SNKPHeng
655 #7 - INDEX TERM--GENRE/FORM
Genre/form data or focus term Adventure stories
Source of term SNKPHeng
655 #7 - INDEX TERM--GENRE/FORM
Genre/form data or focus term Children’s literature
Source of term SNKPHeng
700 1# - ADDED ENTRY--PERSONAL NAME
Personal name Fearn, Naomi,
Dates associated with a name 1976-
Relationship ill
700 1# - ADDED ENTRY--PERSONAL NAME
Personal name Šmidtová, Katarína
Relationship trl
710 2# - ADDED ENTRY--CORPORATE NAME
Corporate name or jurisdiction name as entry element Albatros Media Slovakia.
Subordinate unit Fragment
Relationship pbl
942 ## - ADDED ENTRY ELEMENTS (KOHA)
Source of classification or shelving scheme Dewey Decimal Classification
Koha item type Krásna literatúra pre deti
Suppress in OPAC No
Holdings
Stav vyradenia Strata Poškodenie Spôsob nadobudnutia Domovská knižnica Aktuálna knižnica Dátum nadobudnutia Cena Total checkouts Čiarový kód exemplára Date last seen Typ exemplára
      Kúpa Obecná knižnica Horná Štubňa Obecná knižnica Horná Štubňa 28.03.2026 1.00   9788056620571 28.03.2026 Krásna literatúra pre deti
Projekt je podporený Slovenskou asociáciou knižníc
Prevádzkuje Turčianska knižnica Martin 2026